00590nam a2200193Ia 450000500170000000800410001702000150005804000180007304100080009108200210009910000220012024500640014225000120020626000490021830000290026765000230029665000530031965000240037220240522085604.0210716s2002 xx 000 0 und d a8120321413 cAIMIT LIBRARY aeng a005.73 22bCORT aCormen, Thomas H. aIntroduction to algorithms/ cby Thomas H Cormen...[et.al]. a2nd ed. aNew Delhi :bPrentice Hall of India ,c2002. axix,1180 p.;bPBc25 cm. aGrowth of function aProbabilistic analysis and randomized algorithms aBinary search trees